000 00892nam a2200193 a 4500
008 130516s2011 ||||||||||||||||| || u
020 _a9780702032325
050 _aRM 735 Fou
100 _aDuncan, Edward A. S
245 1 0 _aFoundations for practice in occupational therapy. (5th ed.)
_cedited by Edward A. S. Duncan
250 _a5th ed.
260 _aEdinburgh, London:
_bElsevier
_c2011
300 _axviii, 265p.: ill.
500 _aSCHOOL OF MEDICINE
650 2 _aOCCUPATIONAL THERAPY
650 2 _aMODELS--THEORETICAL
995 _aMICHAEL CHILUFYA SATA OPEN ACCESS
_e902042
_FCBU-SCHOOL OF MEDICINE LIBRARY (Ndola)
_jRM 735 Fou
_M2
_UAVAILABLE
_WMay 17, 2013
_y902042
_ZMedical Library Open Access Collection
995 _aMEDICAL LIBRARY OPEN ACCESS
_e902041
_FCBU-SCHOOL OF MEDICINE LIBRARY (Ndola)
_jRM 735 Fou
_M1
_UAVAILABLE
_WMay 17, 2013
_y902041
_ZMedical Library Open Access Collection
999 _c63872
_d63872